000 00920nam a2200229Ia 4500
003 Ost
005 20260507074945.0
008 260507s9999||||xx |||||||||||||| ||und||
020 _a9774380185
040 _cfsecg
041 _aara
082 _a350
100 _aخليل؛ أحمد محمود
_eمؤلف
245 0 _aإدارة المال الشائع والتصرف فيه /
_c أحمد محمود خليل
260 _aالاسكندرية:
_bالمكتب الجامعي الحديث,
_c2007
300 _a199 صفحة؛
_bإيضاحات ؛
_c24 سم
520 _aالملكية الشائعة بوجه عام، إدارة المال الشائع، التصرف في المال الشائع، قسمة المال الشائع، الشيوع الإجباري، أحكام محكمة النقض
653 _aالادارة
653 _aالاقتصاد
653 _aالمالية
942 _cكتاب
999 _c41958
_d41958